Семантика вторичных глагольных префиксов в языковом сознании носителей русского языка; Актуальные проблемы литературоведения и лингвистики; Вып. 12, т. 1

Detalles Bibliográficos
Parent link:Актуальные проблемы литературоведения и лингвистики: материалы конференции молодых ученых, 1 апреля 2011 г., Томск/ Национальный исследовательский Томский государственный университет (ТГУ).— , 2011
Вып. 12, т. 1.— 2011.— [С. 244-248]
Autor principal: Серышева Ю. В. Юлия Вячеславовна
Otros Autores: Филь Ю. В. (научный руководитель)
Sumario:Заглавие с экрана
Lenguaje:ruso
Publicado: 2011
Materias:
Acceso en línea:http://old.philology.tsu.ru/uploads/files/tom1.pdf#page=244
Formato: Electrónico Capítulo de libro
KOHA link:https://koha.lib.tpu.ru/cgi-bin/koha/opac-detail.pl?biblionumber=639301

MARC

LEADER 00000naa0a2200000 4500
001 639301
005 20250213145151.0
035 |a (RuTPU)RU\TPU\network\3753 
090 |a 639301 
100 |a 20150303d2011 k||y0rusy50 ca 
101 0 |a rus 
102 |a RU 
135 |a drcn ---uucaa 
181 0 |a i  
182 0 |a b 
200 1 |a Семантика вторичных глагольных префиксов в языковом сознании носителей русского языка  |f Ю. В. Серышева  |g науч. рук. Ю. В. Филь 
203 |a Текст  |c электронный 
300 |a Заглавие с экрана 
461 |t Актуальные проблемы литературоведения и лингвистики  |o материалы конференции молодых ученых, 1 апреля 2011 г., Томск  |f Национальный исследовательский Томский государственный университет (ТГУ)  |d 2011 
463 |t Вып. 12, т. 1  |v [С. 244-248]  |i Лингвистика  |d 2011 
610 1 |a электронный ресурс 
610 1 |a труды учёных ТПУ 
610 1 |a семантика 
610 1 |a префиксы 
610 1 |a русский язык 
700 1 |a Серышева  |b Ю. В.  |c филолог  |c старший преподаватель Томского политехнического университета, кандидат филологических наук  |f 1987-  |g Юлия Вячеславовна  |3 (RuTPU)RU\TPU\pers\33382  |9 17077 
702 1 |a Филь  |b Ю. В.  |4 727 
801 2 |a RU  |b 63413507  |c 20150303  |g RCR 
856 4 |u http://old.philology.tsu.ru/uploads/files/tom1.pdf#page=244 
942 |c CF